Представление документа в формате RUSMARC

ПолеНазваниеЗначение
  Тип записи a
  Библиографический уровень a
001 Контрольный номер RU/CBS_Ul/BASE/492186265
005 Дата корректировки 20250122214510.3
100 Данные общей обработки __
a Данные общей обработки 20150806d2015 ||| 0rusy0189 ca
101 Язык документа 0_
a Язык текста rus
102 Страна публикации __
a Страна публикации RU
105 Кодированные данные (монография) __
a Кодированные данные (монография) y###||||000|y
200 Заглавие и сведения об ответственности 1_
a Заглавие Весна на улице Хуциева
b Общее обозначение материала Текст
e Сведения, относящиеся к заглавию [на фестивале в Локарно вручат приз режиссёру Марлену Хуциеву за вклад в мировой кинематограф]
f Первые сведения об ответственности А. Нечаев
300 Общие примечания __
a Общие примечания Ограничения по возрасту - 16+
461 Уровень набора _0
1 2000
a Российская газета
463 Уровень физической единицы _0
1 001RU/CBS_Ul/BASE/492185769
1 2000
a № 171 (5 авг.)
v С. 9
1 210
d 2015
600 Персоналии _0
a Персоналии (Фамилия) Хуциев
b Персоналии (Имя, инициалы) М. М.
606 Тематические рубрики 0_
a Основная рубрика Международный кинофестиваль. 68 (Локарно, город; Швейцария; 2015)
606 Тематические рубрики 0_
a Основная рубрика Хуциев, Марлен Мартынович (1925)
y Географическая подрубрика Локарно, город (Швейцария)
610 Ключевые слова 0_
a Ключевые слова кинематография
610 Ключевые слова 0_
a Ключевые слова режиссёры
610 Ключевые слова 0_
a Ключевые слова российские режиссёры
610 Ключевые слова 0_
a Ключевые слова кинофестивали
610 Ключевые слова 0_
a Ключевые слова Международный кинофестиваль в Локарно
686 Индексы других классификаций __
a Классификационный индекс 85.374 (2)
2 Код системы ББК
700 Автор _1
a Фамилия Нечаев
b Имя (инициалы) А.
801 Источник записи _0
a Страна RU
b Организация МБУК ЦБС г. Ульяновска
c Дата составления 20150806
g Правила каталогизации RCR
801 Источник записи _1
a Страна RU
b Организация МБУК ЦБС г. Ульяновска
c Дата составления 20150806
g Правила каталогизации RCR
901 Тип документа __
t Тип документа f
w Контрольный № источника RU/CBS_Ul/BASE/492185769
910 Корректоры записи __
a Корректор записи admin2
938 Служебная информация __
a Имя БД period